000 00659nam a22001697a 4500
008 151104b xxu||||| |||| 00| 0 eng d
050 _aBR65.A91H6
100 _aAugustine, Saint
_95469
245 _aHomilies on the first epistle of John:
_btractatus in epistolam joannis and parthos
_c/by Saint Augustine; edited by Daniel E. Doyle and Thomas Martin
260 _aNew York
_bNew city Press
_c1990
300 _a173p.
_c23cm.
440 _aWorks of saint Augustine
_vVol. 14
_920912
650 _2First Epistle of John
_xCommentaries
_920913
700 _aDoyle Daniel
_eeditor
_920914
700 _aMartin Thomas
_eeditor
_920915
942 _2lcc
_cMONOGRAPH
999 _c123734
_d123734